000
00321nam a2200133Ia 4500
005
20251222144816.0
008
251222s9999||||xx |||||||||||||| ||spa||
020
_a
84-7278-029-5
082
_a
371.207/S29
100
_a
Schwartz, Bertrand
245
0
_a
Proyecto de Educación Permanente
264
_b
ICCE
942
_c
LIB
999
_c
20299
_d
20299